| 000 | 00407nam a2200145Ia 4500 | ||
|---|---|---|---|
| 005 | 20250729165754.0 | ||
| 008 | 250729s2012 xx 000 0 und d | ||
| 041 | _aeng | ||
| 082 | _a530.25 COMP | ||
| 100 |
_aCommisionarate of Pre University _9232609 |
||
| 245 | _aPhysics - I P U C Part - II | ||
| 260 |
_aBangalore _bCommisionarate of Pre University _c2012 |
||
| 300 | _a448p | ||
| 650 |
_aPhysics _9232610 |
||
| 999 |
_c239868 _d239868 |
||